| Tag |
First Indicator |
Second Indicator |
Subfields |
| LEADER |
00000cam a22000001 4500 |
| 001 |
in00000338513 |
| 005 |
20151011051913.0 |
| 008 |
690115s1969 nyuabd b 00110 eng d |
| 035 |
|
|
|a (OCoLC)00437922
|
| 035 |
|
|
|9 ABL1268AM
|
| 040 |
|
|
|a DLC
|c DLC
|d TXA
|d UtOrBLW
|
| 049 |
|
|
|a TXAM
|c [1142239]
|
| 050 |
|
0 |
|a QB581
|b .C44
|
| 100 |
1 |
|
|a Cherrington, Ernest H.
|
| 245 |
1 |
0 |
|a Exploring the moon through binoculars /
|c [by] Ernest H. Cherrington, Jr.
|
| 250 |
|
|
|a [1st ed.].
|
| 264 |
|
1 |
|a New York :
|b McGraw-Hill,
|c [1969]
|
| 264 |
|
4 |
|c [©1969]
|
| 300 |
|
|
|a 211 pages :
|b illustrations, charts, maps. ;
|c 29 cm.
|
| 336 |
|
|
|a text
|b txt
|2 rdacontent
|
| 337 |
|
|
|a unmediated
|b n
|2 rdamedia
|
| 338 |
|
|
|a volume
|b nc
|2 rdacarrier
|
| 504 |
|
|
|a Bibliography: pages 205-206.
|
| 651 |
|
0 |
|a Moon.
|
| 650 |
|
0 |
|a Astronomy
|v Observers' manuals.
|
| 999 |
|
|
|a MARS
|
| 999 |
f |
f |
|s 660a2475-4a3d-3b58-bfcd-440352998a41
|i 71f4c542-4def-3ad4-8512-09bfeacbb638
|t 0
|
| 952 |
f |
f |
|p ric
|a Texas A&M University
|b Rellis Campus
|c Joint Library Facility
|d Remote Storage
|t 0
|e QB581 .C44
|h Library of Congress classification
|i unmediated -- volume
|m A14804580457
|
| 998 |
f |
f |
|a QB581 .C44
|t 0
|l Remote Storage
|